000 00389nam a22001697a 4500
003 MPLRDC
005 20220104123948.0
008 210129b ||||| |||| 00| 0 eng d
082 _a528.2 TYZ
100 _a田永正译
245 _a如何教导青少年子女
_c
250 _a初版
260 _a
_b光启出版社
_c1970
300 _b
650 _a
942 _cBK
_o528.2 TYZ
999 _c15561
_d15551